000 00625nam a2200217Ia 4500
003 OSt
005 20221007081620.0
006 a|||||r|||| 00| 0
007 ta
008 221006b |||||||| |||| 00| 0 eng d
024 _a27,452
037 _cReports / Technical Reports
040 _aFLL
_cFLL
_beng
041 _2eng
_aeng
082 _aZ65:8813y7, K1.7
245 0 _aSelected judgements of the West African court of appeal
260 _aNigeria
_bThe Crown Agents
_c1956
300 _aix,740p
_ccm.
942 _hZ65:8813y7, K1.7
_cREP
_2CC
999 _c1163715
_d1163715